| 000 | 00548nam a22001933a 4500 | ||
|---|---|---|---|
| 005 | 20210223124354.0 | ||
| 008 | 010914s2004 mx r 000 0 spa d | ||
| 020 | _a9685610134 | ||
| 035 | _aUPN01000111526 | ||
| 049 | _aCG | ||
| 050 | 4 |
_aRC889 _bA9.2 |
|
| 100 | 1 | _aAyala, Aquiles R. | |
| 245 | 1 | 0 |
_aABC de la infertilidad / _cAquiles R. Ayala, José de Jesús Montoya Romero. |
| 260 |
_aMéxico : _bETM, _cc2004. |
||
| 300 | _aix, 196 p. | ||
| 650 | 4 |
_aESTERILIDAD _95495 |
|
| 700 | 1 |
_aMontoya Romero, José de Jesús, _ecoaut. |
|
| 905 | _aLibro | ||
| 999 |
_c85434 _d85434 |
||